MARC

LEADER 00000nam0a2200000 4500
001 287312
005 20231101235957.0
035 |a (RuTPU)RU\TPU\book\311703 
090 |a 287312 
100 |a 20150314d1983 m y0rusy50 ca 
101 0 |a rus 
102 |a RU 
105 |a a j 001zy 
200 1 |a Фотограмметрия в горном деле. Фотограмметрические способы получения маркшейдерских планов по аэроснимкам  |e учебное пособие  |f М. П. Бордюков  |g Московский горный институт (МГИ) 
210 |a Москва  |c Изд-во МГИ  |d 1983 
215 |a 64 с.  |c ил. 
320 |a Библиогр.: с. 62 
606 |a Фотограмметрия  |x Горное дело  |2 stltpush  |3 (RuTPU)RU\TPU\subj\64203  |9 81116 
610 1 |a аэроснимки 
610 1 |a трансформирование 
610 1 |a трансформирующие приборы 
610 1 |a фотопланы 
610 1 |a фототрансформаторы 
610 1 |a фотосхемы 
610 1 |a стереоприборы 
610 1 |a маркшейдерские планы 
610 1 |a составление 
610 1 |a мультиплексы 
610 1 |a учебные пособия 
675 |a 622.1:528.7(075.8)  |v 3 
700 1 |a Бордюков  |b М. П.  |g Михаил Петрович 
712 0 2 |a Московский горный институт (МГИ)  |c (1930-1962, 1966-1993)  |2 stltpush  |3 (RuTPU)RU\TPU\col\3944 
801 1 |a RU  |b 63413507  |c 20150314 
801 2 |a RU  |b 63413507  |c 20171225  |g RCR 
942 |c BK